000 00495nam a2200205Ia 4500
003 OSt
005 20220926045013.0
006 a|||||r|||| 00| 0
007 ta
008 220923b |||||||| |||| 00| 0 eng d
037 _cGeneral Book
040 _aRTL
_cRTL
_beng
041 _2eng
_aeng
082 _aXM25n3.N52, J2
245 0 _aCo-operators year book
260 _c1952
300 _a112p
_ccm.
942 _hXM25n3.N52, J2
_cGB
_2CC
999 _c676443
_d676443